LEADER 01155nam 2200409 450 001 9910138268803321 005 20221015110849.0 010 $a953-51-5509-1 035 $a(CKB)3230000000075424 035 $a(NjHacI)993230000000075424 035 $a(EXLCZ)993230000000075424 100 $a20221015d2010 uy 0 101 0 $aeng 135 $aur||||||||||| 181 $ctxt$2rdacontent 182 $cc$2rdamedia 183 $acr$2rdacarrier 200 00$aAdvances in grid computing /$fedited by Mehrdad Hosseini Zadeh 210 1$aRijeka, Croatia :$cIntech,$d[2010] 210 4$d©2010 215 $a1 online resource (732 pages) $cillustrations 311 $a953-307-301-2 320 $aIncludes bibliographical references. 606 $aBiotechnology 606 $aVirtual reality 606 $aHaptic devices 615 0$aBiotechnology. 615 0$aVirtual reality. 615 0$aHaptic devices. 676 $a660.6 702 $aZadeh$b Mehrdad Hosseini 801 0$bNjHacI 801 1$bNjHacl 906 $aBOOK 912 $a9910138268803321 996 $aAdvances in Grid Computing$92204970 997 $aUNINA LEADER 02069nas 2200469 n 450 001 990008922600403321 005 20240229084344.0 011 $a0005-3783 035 $a000892260 035 $aFED01000892260 035 $a(Aleph)000892260FED01 035 $a000892260 091 $2CNR$aP 00072480 100 $a20161109a19299999km-y0itaa50------ba 101 0 $aita 102 $aIT 110 $aauu-------- 200 1 $aBollettino della Badia Greca di Grottaferrata 207 1$a1929- 210 $aGrottaferrata$cMonastero Esarchico di S. Maria di Grottaferrata 326 $aAnnuale 430 0$12001$aRoma e l'oriente : rivista criptoferratense per l'unione delle chiese 530 0 $aBollettino della Badia Greca di Grottaferrata 675 $a807.73 675 $a940.1 675 $a2 675 $a025 675 $a255 712 02$aMonastero Esarchico di S$bMaria di Grottaferrata 801 0$aIT$bACNP$c20090723 859 4 $uhttp://acnp.cib.unibo.it/cgi-ser/start/it/cnr/dc-p1.tcl?catno=46793&person=false&language=ITALIANO&libr=&libr_th=unina1$zBiblioteche che possiedono il periodico 901 $aSE 912 $a990008922600403321 958 $aBRAU. Biblioteca di Ricerca di Area Umanistica$b1997-$eItalia 324$fFLFBC 958 $aBiblioteca Centralizzata. Facoltą di Architettura dell'Universitą Federico II$b1947-1994;$eDEPOSITO$fFARBC 959 $aFLFBC 959 $aFARBC 996 $aBollettino della Badia Greca di Grottaferrata$9799120 997 $aUNINA AP1 8 $6866-01$aNA072 BRAU. Biblioteca di Ricerca di Area Umanistica$bItalia 324$ePiazza Bellini 56/60, 80133 Napoli (NA)$m(081) 2533948$nit AP1 8 $6866-02$aNA088 Biblioteca Centralizzata. Facoltą di Architettura dell'Universitą Federico II$bDEPOSITO$eVia Monteoliveto,3. Palazzo Gravina, 80134 Napoli (NA)$m0812538081$m0812538023$nit AP2 40$aacnp.cib.unibo.it$nACNP Italian Union Catalogue of Serials$uhttp://acnp.cib.unibo.it/cgi-ser/start/it/cnr/df-p.tcl?catno=46793&language=ITALIANO&libr=&person=&B=1&libr_th=unina&proposto=NO